000 00684nam a2200289Ia 4500
005 20260324150117.0
008 008 260324s9999 xx 000 0 eng d
020 _a9781315542928
037 _aEBOOK
040 _aCRL
040 _beng
040 _cCRL
041 _2eng
041 _aeng
084 _qCRL
100 _aWolfgang Preiser
_91213669
245 0 _aEnvironmental Design Research
245 0 _bVolume two symposia and workshops
260 _bTaylor and Francis
260 _c1973
365 _a
365 _b300
856 _uhttp://www.taylorfrancis.com/books/9781315542928
942 _cEBOOK
999 _c1834203
_d1834203